|
|
|
|
| LEADER |
00621nam a2200169Ia 4500 |
| 008 |
161229s9999 xx 000 0 und d |
| 020 |
|
|
|a 8170299470
|
| 082 |
|
|
|a 004.36 MOR/MC
|
| 100 |
|
|
|a Mortensen, Lance
|
| 245 |
|
|
|a MCSE: SQL Server6.5 administration study guide
|
| 260 |
|
|
|b Micro Book Centre
|a San Francisco
|c 1998
|
| 300 |
|
|
|a xxx, 639
|
| 700 |
|
|
|a Lee, Michael
|
| 700 |
|
|
|a Sawtell, Rick
|
| 942 |
|
|
|c BK
|
| 999 |
|
|
|c 151728
|d 151728
|
| 952 |
|
|
|0 0
|1 0
|4 0
|6 004_360000000000000_MORMC
|7 0
|9 150784
|a KAUCLV
|b KAUCLV
|d 2016-12-29
|g 450.00
|o 004.36 MOR/MC
|p 903037
|r 2016-12-29
|w 2016-12-29
|y BK
|z Book transferred from CCBM Library ,Acc.No:8041
|